|
|
|
|
| LEADER |
00000nab a2200000 a 4500 |
| 001 |
vtls000300601 |
| 003 |
SK-MaSNL |
| 005 |
20260305005946.0 |
| 008 |
160215c1987 xo 0 slo |
| 015 |
|
|
|a SNBRB19rr/mm-uuuuu
|
| 035 |
|
|
|a CL0310720
|
| 040 |
|
|
|a SNKBUCL
|b slo
|c SNKBUCL
|e AACR2
|
| 041 |
0 |
|
|a slo
|
| 044 |
|
|
|a xo
|c SK
|
| 080 |
|
|
|a 75.071.1
|2 1981
|
| 080 |
|
|
|a 76.071.1
|2 1981
|
| 080 |
|
|
|a 929 Benka, Martin
|2 1981
|
| 100 |
1 |
|
|a Vlha, Igor
|4 aut
|9 921971
|
| 245 |
1 |
0 |
|a Národný aj svetový Martin Benka
|c Igor Vlha ; Martin Benka
|
| 300 |
|
|
|b Obr. 2.
|
| 600 |
1 |
7 |
|a Benka, Martin,
|d 1888-1971
|2 snkbucl
|9 100354
|
| 655 |
|
7 |
|a články z novín a časopisov
|2 snkbucl
|9 267496
|
| 773 |
0 |
|
|t Hlas ľudu
|g Roč. 33, č. 302 (24. 12. 1987), s. 6
|
| 850 |
|
|
|a Slovenská národná knižnica v Martine
|a MTA001
|
| 852 |
|
|
|a SNK
|b KIS3GCP
|
| 958 |
|
|
|a BX
|
| 958 |
|
|
|a RK
|
| 992 |
|
|
|a RBX
|
| 999 |
|
|
|c 3243713
|d 3245643
|